| 000 | 00599cam a2200217 4500 | ||
|---|---|---|---|
| 001 | 1265193 | ||
| 005 | 20180209033227.0 | ||
| 008 | 710901s1971 mnu 001 0 eng | ||
| 010 | _a 74166414 | ||
| 040 |
_aDLC _cDLC _dDLC |
||
| 041 | _aeng | ||
| 043 | _an-us--- | ||
| 080 | _a347.736 CHA | ||
| 082 | 0 | 0 | _a347.736 CHA |
| 100 | 1 | _a14 | |
| 101 | _aJUR | ||
| 245 | 1 | 0 |
_aCases and materials on evidence, _cby Charles T. McCormick, Frank W. Elliott [and] John F. Sutton. |
| 740 | 0 | _aEvidence: cases and materials. | |
| 906 |
_a7 _bcbc _corignew _d2 _encip _f19 _gy-gencatlg |
||
| 942 |
_2ddc _cBK |
||
| 999 |
_c42207 _d42207 |
||